000 00394nam a22001577a 4500
003 SGT
020 _a9781264285822
082 _a616.024
_bH22L
100 _aLOSCALOZO, JOSEPH
245 _aHARRISON'S PRINCIPLES OF INTERNAL MEDICINE 2 VOLUME SET
250 _a21TH
260 _aNEW YORK
_bMC GRAW HILL PUB
_c2022
300 _a1796, 3855
650 _aGENERAL MEDICINE
942 _2ddc
_cBK
999 _c30718
_d30718